| 000 | 01195cam a2200205 4500 | ||
|---|---|---|---|
| 001 | ABS66244 | ||
| 008 | 021223n2002 000 0 eng u | ||
| 035 | _a(Sirsi) u120870 | ||
| 100 | _aMoyes, M | ||
| 245 | _aWrite the wrongs | ||
| 260 | _c2002 | ||
| 490 |
_aEstates Gazette _v (0242) 19 October 2002, 152-153(2) |
||
| 520 | _a"Mainly for students" article which looks at the issue of why the courts have been reluctant to apply the remedy of rectification to contracts, when this has been freely used for legal documents. Uses a selection of cases to examine why public policy requires certainty in the enforcement of contracts, yet the courts are reluctant to allow a party of full capacity who has signed a document, with the opportunity of inspection, to say that it was not what he meant.afterwards. As the purpose of rectification is to make the written record the true agreement of the parties, discretionary rectification may be the answer to this issue. | ||
| 590 | _aABS | ||
| 650 | _aRECTIFICATION | ||
| 650 |
_aContracts _96232 |
||
| 650 | _aENFORCEMENT | ||
| 690 | _aMANGEMENT-DISPUTE AVOIDANCE, MANAGEMENT AND RESOLUTION-DISPUTE MANAGEMENT AND RESOLUTION | ||
| 942 | _n0 | ||
| 999 |
_c71843 _d71843 |
||